书目信息 |
| 题名: |
广告策划实务与文案撰写
|
|
| 作者: | 王亚卓 编著 | |
| 分册: | ||
| 出版信息: | 北京 企业管理出版社 2009 |
|
| 页数: | 312页 | |
| 开本: | 23cm | |
| 丛书名: | ||
| 单 册: | ||
| 中图分类: | F713.81 | |
| 科图分类: | ||
| 主题词: | 广告--策划 , 广告 , 策划 | |
| 电子资源: | ||
| ISBN: | 978-7-80197-672-7 | |
| 000 | 01087nam0 2200265 45 | |
| 005 | 20100303110843.25 | |
| 010 | @a978-7-80197-672-7@dCNY28.00 | |
| 100 | @a20100119d2009 em y0chiy0110 ea | |
| 101 | 0 | @achi |
| 102 | @aCN@b110000 | |
| 105 | @ay z 000yy | |
| 106 | @ar | |
| 200 | 1 | @a广告策划实务与文案撰写@AGuang Gao Ce Hua Shi Wu Yu Wen An Zhuan Xie@e如何成为杰出的广告人@ERu He Cheng Wei Jie Chu De Guang Gao Ren@f王亚卓编著@FWang Ya Zhuo Bian Zhu |
| 205 | @a2版 | |
| 210 | @a北京@c企业管理出版社@d2009 | |
| 215 | @a312页@d23cm | |
| 330 | @a本书结合我国传媒广告的特点,突破了传统广告书籍的编写方式,从广告而入,由广告而出。每章的章名援引自耳熟能详的经典广告标语,生动形象地讲解了广告策划和文案撰写的有效手法:传统的、新兴的;本土的、海外的;朴实的、异端的,不一而同,更具选择性和可读性。 | |
| 517 | 1 | @a如何成为杰出的广告人@ARu He Cheng Wei Jie Chu De Guang Gao Ren |
| 606 | 0 | @a广告@x策划 |
| 606 | 0 | @a广告 |
| 606 | 0 | @a策划 |
| 690 | @aF713.81@v4 | |
| 701 | 0 | @a王亚卓@AWang Ya Zhuo@4编著 |
| 801 | 0 | @aCN@bTANGWEI@c20100303 |
| 905 | @b0583703-07@dF713.81@e479=2@f5 | |
| 广告策划实务与文案撰写:如何成为杰出的广告人/王亚卓编著.-2版.-北京:企业管理出版社,2009 |
| 312页;23cm |
| ISBN 978-7-80197-672-7:CNY28.00 |
| 本书结合我国传媒广告的特点,突破了传统广告书籍的编写方式,从广告而入,由广告而出。每章的章名援引自耳熟能详的经典广告标语,生动形象地讲解了广告策划和文案撰写的有效手法:传统的、新兴的;本土的、海外的;朴实的、异端的,不一而同,更具选择性和可读性。 |
| ● |
| 相关链接 |
|
|
|
|
正题名:广告策划实务与文案撰写
索取号:F713.81/479=2
 
预约/预借
| 序号 | 登录号 | 条形码 | 馆藏地/架位号 | 状态 | 备注 |
| 1 | 0583703 | 205837031 | 第一样本阅览室/ [索取号:F713.81/479=2] | 在馆 | |
| 2 | 0583704 | 205837040 | 密集书库-海洋学院/ [索取号:F713.81/479=2] | 在馆 | |
| 3 | 0583705 | 205837059 | 第一借阅区/ [索取号:F713.81/479=2] | 在馆 | |
| 4 | 0583706 | 205837068 | 第一借阅区/ [索取号:F713.81/479=2] | 在馆 |